Quizzes
Events
Quiz Creation
Community
Videos
Private Events
Remove Ads
Sign In
Join for FREE
Feedback
Dark Mode
Quiz Categories
Sports
Geography
Music
Movies
Television
Just For Fun
Miscellaneous
History
Literature
Language
Science
Gaming
Entertainment
Religion
Holiday
For Kids
Quiz Lab
Recent
Popular Today
Quiz Kudos Today
Editor Picks
Curator Picks
Quizzes by...
Day
Popularity
Type
Ratings
Length
Year
Community
Subscriptions
Recent Discussions
Orange Saloon
Badges
Playlists
Quests
Create
Leaderboards
Showdown
Live 5
Trivia Bingo
Activity
Puzzle Library
Sporcle Events
Private Events
Virtual Trivia
Globe League
Become a Host
Pub Owners
SporcleCon
Opinionation
Our Games
Videos
Blog
Mobile Apps
Partnerships
Remove Ads and Go Orange
Feedback
Sports
Athletes
MLB
NBA
NHL
NFL
Soccer
Sports Teams
WWE
NCAA
Football
Premier League
Basketball
Baseball
Hockey
Golf
Tennis
Cricket
Rugby
Auto Racing
Olympics
World Cup
Sports
Athletes
MLB
NBA
NHL
NFL
Soccer
Sports Teams
WWE
NCAA
Football
Premier League
Basketball
Baseball
Hockey
Golf
Tennis
Cricket
Rugby
Auto Racing
Olympics
World Cup
Random Quiz
Search Sporcle
×
Quiz Lab
Quiz Lab
Sports
Rusher
Type in answers that appear in a list
Type in answers that appear in a list
Classic
Best Score? Go Orange.
NFC Central 100 yard rushers in the 80's Stats
Can you name the NFC Central 100 yard rushers in the 80's?
By
schrempf11
6m
28 Questions
245 Plays
245 Plays
245 Plays
Comments
Comments
Give Quiz Kudos
Give Quiz Kudos
-
- Ratings
hide this ad
More Info
Replay
Link that replays current quiz
Next Quiz
Link to next quiz in quiz playlist
You Got
0%
They Got
Avg Score
30%
Avg Friend Score
Upgrade to see
Score Distribution
Jump to the score distribution portion of the page
Score
0/28
Timer
06:00
0
Plays Today
Team/Year first accomplished
Player
% Correct
Chicago/
1980
Walter Payton
94.3%
Detroit/
1989
Barry Sanders
85.7%
Detroit/
1980
Billy Sims
72.7%
Chicago/
1987
Neal Anderson
62%
Minnesota/
1984
Alfred Anderson
62%
Tampa Bay/
1983
James Wilder
58.4%
Minnesota/
1989
Herschel Walker
48.6%
Detroit/
1985
James R. Jones
38.4%
Minnesota/
1980
Ted Brown
35.9%
Tampa Bay/
1980
Ricky Bell
35.1%
Minnesota/
1985
Darrin Nelson
32.7%
Chicago/
1983
Matt Suhey
32.2%
Green Bay/
1980
Eddie Lee Ivery
28.2%
Green Bay/
1988
Brent Fullwood
24.5%
Team/Year first accomplished
Player
% Correct
Green Bay/
1980
Gerry Ellis
20.8%
Green Bay/
1987
Kenneth Davis
20.8%
Detroit/
1980
Dexter Bussey
18.4%
Detroit/
1986
Garry James
18%
Tampa Bay/
1988
Lars Tate
15.9%
Green Bay/
1989
Keith Woodside
15.1%
Tampa Bay/
1981
Jerry Eckwood
14.3%
Green Bay/
1985
Jessie Clark
5.7%
Detroit/
1980
Rick Kane
4.5%
Minnesota/
1983
Tony Galbreath
4.1%
Tampa Bay/
1981
James Owens
3.7%
Tampa Bay/
1988
William Howard
2.4%
Green Bay/
1987
Kevin Willhite
2%
Tampa Bay/
1986
Nathan Wonsley
1.2%
Quiz Playlist
Details
Report
Send in Message
Add To Playlist
More Info:
This is for players who had at least one 100 yard game during a 1980's season
Classic:
Type in answers that appear in a list
Quiz Source
Last Updated: Feb 16, 2017
Quiz Scoreboard
CHALLENGE
Sign Up to Join the Scoreboard
Show All
Scores
Hide
Comments
May contain spoilers
Recently Published
9x9 Crossword: Cartoon Network
by jackfrog10
Miscellaneous
3m
College Basketball Coaching Resumes
by pancakes188
Sports
9m
Billboard Blitz: Fleetwood Mac
by CooCooCachoo
Music
15s
More to Explore
Quiz From the Vault
Featured Blog Post
Where Did the Easter Bunny Come From?
hide this ad
You Might Also Like...
Tags
100
Accomplishment
central
nfc
NFC Central
Player
Rusher
team
Yard
Today's Top Quizzes in Sports
Browse Sports
hide this ad
Today's Top Quizzes in Rusher
Browse Rusher
Top Contributed Quizzes in Sports
1
2022 World Cup Stars
2
Les meilleurs buteurs des matchs entre le PSG et l’OM
3
FIFA Club World Cup Champions
4
Les entraîneurs de l'OM et du PSG au 21e siècle
5
Criteria MLB: Left Handed Sluggers
6
AFC Teams Reveal (Wrong Answers Minefield)
7
2023 MLB Unique Player Accomplishments
8
5-to-1: FBS Animal Nicknames
9
Players with Multiple 50 Home Run Seasons
10
5-to-1: UK Sports Teams
Explore More
Trending Topics
Marvel
Disney
Crossword
Harry Potter
Kpop
Anime
NBA
Puzzle
Song
Pokémon
WWE
NFL
Country
Soccer
The Office
hide this ad
More By:
schrempf11
Quiz
Plays
Rating
Category
Featured
Created
Seattle Sonics Opening Day Lineups
1,700
4.57
Sports
Nov 4, 2009
Guess the lyrics to this 90's song
872
2.89
Music
Dec 1, 2010
NBA Slam Dunk Contest participants
753
4.57
Sports
Nov 3, 2009
Guess the lyrics to this 90's song (#2)
397
2.67
Music
Dec 1, 2010
1990 NBA Draft
323
5.00
Sports
Jan 20, 2010
Go to Creator's Profile
Score Distribution
Quiz Creator Spotlight
schrempf11
Follow
Send a Message
Quizzes Created
-
Created Quiz Play Count
-
More By This Creator
Popular Quizzes Today
1
Find the US States - No Outlines Minefield
2
Find the Countries of Europe - No Outlines Minefield
3
The Countries of the World
4
Find the US States
5
Risky Map Clicking: Biggest States A-Z
6
US States
7
Popular People in 1961
8
Movies - When Are They Set?
More Sports Quizzes
MLB top 10 in home runs in the 2010s (A.L.)
Quiz Lab
Trending Quizzes
Risky Map Clicking: Least Populous States A-Z
1-10 Letter G Words
1-10 Letter F Words
Risky Map Clicking: Next State Alphabetically
Adjectives in 80s TV Shows
Recently Updated
Leaping Animals
pecheneg
Reality TV Shows (A-Z)
bhenderson79
Rickey Henderson's Hall of Fame Teammates
pecheneg
Champions League XIs: Arsenal
pecheneg
Quick Pick: Celebrities in WWE's Hall of Fame
aduchscher
A-Z Keypad Blitz II
pecheneg
Multiple Oscar Actors
pecheneg
Mystery Phrase Blitz: Oscar 'Best Actors'
pecheneg
F. Scott Fitzgerald Novels
LTH
Pick 3 Villains
ddd62291
Trending Topics
Disney
Harry Potter
Kpop
NBA
Marvel
Anime
Crossword
NFL
Pokémon
Soccer
Country
WWE
Song
The Office
Puzzle
Your Account Isn't Verified!
In order to create a playlist on Sporcle, you need to verify the email address you used during registration. Go to your
Sporcle Settings
to finish the process.
Report this User
Report this user for behavior that violates our
Community Guidelines
.
Details:
Send Report
Go to the Sporcle.com Mobile Site →
Comments